000 00479nam a2200181 a 4500
003 OSt
005 20151207171836.0
008 020226s1998 esp spa d
020 _a84-204-8253-6
040 _cBMC
082 _a808.83146
100 1 _aMontero, Rosa
_936567
245 1 0 _aAmantes y enemigos
_b: cuentos de parejas
_cRosa Montero
260 _aMadrid
_bAlfaguara
_cD.L. 1998
300 _a276 p.
_c21 cm
650 2 4 _930991
_aCuentos espaƱoles
942 _2ddc
_cBK
999 _c23846
_d23846